[Event "Internet Section 06A g/8'+2\""]
[Site "Dos Hermanas"]
[Date "2004.03.06"]
[Round "4"]
[White "Bachmayr, Peter"]
[Black "Klenburg, Mikhail"]
[Result "1-0"]
[WhiteElo "2324"]
[BlackElo "2567"]
[PlyCount "67"]
[EventDate "2004.03.06"]
[EventType "swiss (blitz)"]
[EventRounds "9"]
[EventCountry "ESP"]
[SourceTitle "CBM 099 Extra"]
[Source "ChessBase"]
[SourceDate "2004.05.04"]
[SourceVersion "1"]
[SourceVersionDate "2004.05.04"]
[SourceQuality "1"]

1. d4 d6 2. Nf3 Nf6 3. c4 Nbd7 4. Nc3 e5 5. e4 Be7 6. Be2 0-0 7. 0-0 c6 8. h3 a6 9. a4 a5 10. Be3 Qc7 11. Qc2 Re8 12. Rfd1 Bf8 13. d5 Nc5 14. Nd2 Na6 15. Rac1 Nd7 16. Nb3 g6 17. Qd2 c5 18. Nb5 Qd8 19. Qxa5 Qxa5 20. Nxa5 Nb4 21. Nb3 Rxa4 22. Ra1 Rxa1 23. Rxa1 Nc2 24. Ra8 Nxe3 25. fxe3 Nb6 26. Rb8 Rd8 27. Na5 Nd7 28. Ra8 Nb6 29. Ra7 Rd7 30. Bg4 Rd8 31. Bxc8 Nxc8 32. Rxb7 f5 33. Nc6 Re8 34. Nc7 1-0

[Event "Internet Section 06A g/8'+2\""]
[Site "Dos Hermanas"]
[Date "2004.03.06"]
[Round "6"]
[White "Turzo, Attila"]
[Black "Bachmayr, Peter"]
[Result "1-0"]
[WhiteElo "2349"]
[BlackElo "2324"]
[PlyCount "79"]
[EventDate "2004.03.06"]
[EventType "swiss (blitz)"]
[EventRounds "9"]
[EventCountry "ESP"]
[SourceTitle "CBM 099 Extra"]
[Source "ChessBase"]
[SourceDate "2004.05.04"]
[SourceVersion "1"]
[SourceVersionDate "2004.05.04"]
[SourceQuality "1"]

1. d4 d5 2. c4 e6 3. Nc3 c5 4. cxd5 exd5 5. Nf3 Nc6 6. g3 Nf6 7. Bg2 Be7 8. 0-0 0-0 9. Bg5 c4 10. Ne5 Be6 11. b3 Qa5 12. Rc1 Rad8 13. bxc4 Nxe5 14. dxe5 dxc4 15. Qa4 Qxe5 16. Bf4 Qh5 17. Bxb7 Ng4 18. h4 g5 19. Qa5 f5 20. Bd5 Bf7 21. Bxf7+ Rxf7 22. Nd5 Rxd5 23. Qxd5 gxf4 24. Rxc4 fxg3 25. Rc8+ Bf8 26. fxg3 Ne3 27. Rxf8+ Kxf8 28. Qd8+ Kg7 29. Qd4+ Kg6 30. Qxe3 h6 31. Kg2 Kg7 32. Qe5+ Kh7 33. Rf4 Qg6 34. e4 fxe4 35. h5 Qg7 36. Qxe4+ Kh8 37. Qe8+ Qf8 38. Qxf8+ Rxf8 39. Rxf8+ Kg7 40. Ra8 1-0

[Event "Landesliga Sued 0304"]
[Site "Bayern"]
[Date "2003.11.02"]
[Round "2.4"]
[White "Bachmayr, Peter"]
[Black "Fauth, Dietmar"]
[Result "1-0"]
[WhiteElo "2261"]
[BlackElo "2160"]
[PlyCount "81"]
[EventDate "2003.10.12"]
[EventType "team-tourn"]
[EventRounds "9"]
[EventCountry "GER"]
[SourceTitle "EXT 2006"]
[Source "ChessBase"]
[SourceDate "2005.11.24"]
[SourceVersion "1"]
[SourceVersionDate "2005.11.24"]
[SourceQuality "1"]
[WhiteTeam "Muenchen 36"]
[BlackTeam "Muenchen Siemens"]
[WhiteTeamCountry "GER"]
[BlackTeamCountry "GER"]

1. d4 Nf6 2. Nf3 e6 3. c4 b6 4. g3 Bb7 5. Bg2 Qc8 6. Nc3 Bb4 7. Bd2 0-0 8. 0-0 Be7 9. Qc2 c5 10. d5 exd5 11. cxd5 d6 12. e4 a6 13. a4 Qc7 14. Rfe1 Nbd7 15. h3 Rfe8 16. Rad1 Rab8 17. Bf1 Bf8 18. g4 g6 19. Bf4 h5 20. g5 Nh7 21. h4 Bg7 22. Bg3 Nhf8 23. Nd2 Ne5 24. f4 Ng4 25. Nf3 Bc8 26. f5 Be5 27. Nxe5 Nxe5 28. Bg2 Bd7 29. Rf1 b5 30. axb5 axb5 31. fxg6 Nfxg6 32. Rf6 b4 33. Ne2 Bg4 34. Rdf1 Rbd8 35. Nd4 Rd7 36. Nf5 Bxf5 37. exf5 Nf8 38. Qe2 Nh7 39. Qxh5 Nxf6 40. gxf6 Qd8 41. Qh6 1-0

[Event "Regionalliga SW 0203"]
[Site "Bayern"]
[Date "2003.03.30"]
[Round "9.2"]
[White "Bachmayr, Peter"]
[Black "Schlinkmeier, Karsten"]
[Result "0-1"]
[WhiteElo "2314"]
[BlackElo "2180"]
[PlyCount "50"]
[EventDate "2002.10.20"]
[EventType "team-tourn"]
[EventRounds "9"]
[EventCountry "GER"]
[SourceTitle "EXT 2004"]
[Source "ChessBase"]
[SourceDate "2003.11.25"]
[SourceVersion "1"]
[SourceVersionDate "2003.11.25"]
[SourceQuality "1"]
[WhiteTeam "Muenchen 36"]
[BlackTeam "Garching"]
[WhiteTeamCountry "GER"]
[BlackTeamCountry "GER"]

1. d4 d5 2. c4 c6 3. Nf3 Nf6 4. Nc3 dxc4 5. e3 e6 6. Bxc4 b5 7. Bd3 Bb7 8. 0-0 Nbd7 9. e4 a6 10. Bg5 h6 11. Bh4 Qb6 12. a4 b4 13. a5 Qa7 14. Na4 g5 15. Bg3 g4 16. Nd2 Qxd4 17. Nb3 Qa7 18. e5 Nd5 19. Qxg4 c5 20. Qh5 Rg8 21. Nd2 Nf4 22. Bxf4 Rxg2+ 23. Kh1 Rg5+ 24. Qf3 Bxf3+ 25. Nxf3 Qb7 0-1

[Event "Regionalliga SW 0203"]
[Site "Bayern"]
[Date "2003.02.09"]
[Round "6.2"]
[White "Rolle, Eric"]
[Black "Bachmayr, Peter"]
[Result "0-1"]
[WhiteElo "2067"]
[BlackElo "2314"]
[PlyCount "44"]
[EventDate "2002.10.20"]
[EventType "team-tourn"]
[EventRounds "9"]
[EventCountry "GER"]
[SourceTitle "EXT 2004"]
[Source "ChessBase"]
[SourceDate "2003.11.25"]
[SourceVersion "1"]
[SourceVersionDate "2003.11.25"]
[SourceQuality "1"]
[WhiteTeam "Klosterlechfeld"]
[BlackTeam "Muenchen 36"]
[WhiteTeamCountry "GER"]
[BlackTeamCountry "GER"]

1. e4 e5 2. Nf3 Nc6 3. Bb5 a6 4. Ba4 d6 5. Bxc6+ bxc6 6. d4 f6 7. h3 Ne7 8. Nc3 Ng6 9. 0-0 Be7 10. Be3 0-0 11. Ne2 d5 12. Ng3 dxe4 13. Nxe4 f5 14. Nc5 f4 15. Bd2 Bxc5 16. dxc5 e4 17. Ne1 f3 18. Qc1 fxg2 19. Nxg2 Bxh3 20. Bg5 Qd5 21. Qe3 Rf3 22. Rfd1 Qf5 0-1

[Event "BL2-Sued 0102"]
[Site "Germany"]
[Date "2001.10.07"]
[Round "1.4"]
[White "Bachmayr, Peter"]
[Black "Schlosser, Philipp"]
[Result "0-1"]
[WhiteElo "2359"]
[BlackElo "2490"]
[PlyCount "79"]
[EventDate "2001.10.07"]
[EventType "team-tourn"]
[EventRounds "9"]
[EventCountry "GER"]
[SourceTitle "CBM 088 Extra"]
[Source "ChessBase"]
[SourceDate "2002.07.01"]
[SourceVersion "2"]
[SourceVersionDate "2002.07.01"]
[SourceQuality "1"]
[WhiteTeam "Bayern Muenchen"]
[BlackTeam "Baden Oos"]
[WhiteTeamCountry "GER"]
[BlackTeamCountry "GER"]

1. d4 Nf6 2. Nf3 e6 3. c4 b6 4. g3 Ba6 5. b3 Bb4+ 6. Bd2 Be7 7. Bg2 c6 8. 0-0 d5 9. Qc2 0-0 10. Rd1 Nbd7 11. Bf4 Rc8 12. Nc3 dxc4 13. e4 Bb4 14. Nd2 b5 15. bxc4 bxc4 16. a3 Ba5 17. Bd6 Re8 18. e5 Bxc3 19. Qxc3 Nd5 20. Qc2 c5 21. dxc5 Nxc5 22. Bxc5 Rxc5 23. Ne4 Ra5 24. Nd6 Rf8 25. Bxd5 Rxd5 26. Rxd5 exd5 27. Qd2 Bc8 28. Qxd5 Be6 29. Qd4 Qa5 30. Rc1 Qxa3 31. Ra1 Qb3 32. Qf4 Qc3 33. Rxa7 Qe1+ 34. Kg2 Bd5+ 35. Kh3 Qf1+ 36. Kg4 Qd1+ 37. Kh3 Qh5+ 38. Qh4 Qxe5 39. Qf4 Qh5+ 40. Qh4 0-1

[Event "BL2-Sued 0001"]
[Site "Germany"]
[Date "2001.04.29"]
[Round "9.3"]
[White "Bachmayr, Peter"]
[Black "Zeller, Frank"]
[Result "1-0"]
[WhiteElo "2375"]
[BlackElo "2434"]
[PlyCount "97"]
[EventDate "2000.10.15"]
[EventType "team-tourn"]
[EventRounds "9"]
[EventCountry "GER"]
[SourceTitle "CBM 082 Extra"]
[Source "ChessBase"]
[SourceDate "2001.07.03"]
[SourceVersion "1"]
[SourceVersionDate "2001.07.03"]
[SourceQuality "1"]
[WhiteTeam "Bayern Muenchen"]
[BlackTeam "Stuttgart"]
[WhiteTeamCountry "GER"]
[BlackTeamCountry "GER"]

1. d4 Nf6 2. Nf3 e6 3. c4 b6 4. e3 Bb7 5. Bd3 c5 6. 0-0 g6 7. b3 Bg7 8. Bb2 0-0 9. Qe2 d6 10. Nbd2 Nbd7 11. Rad1 Qc7 12. e4 cxd4 13. Bxd4 Rad8 14. Bb1 Qb8 15. Rfe1 Qa8 16. h3 Rfe8 17. Bb2 Nc5 18. Bd4 d5 19. Bxc5 bxc5 20. Qe3 d4 21. Qg5 h6 22. Qxc5 a5 23. Qc7 Nd7 24. e5 d3 25. Bxd3 Nc5 26. Bxg6 fxg6 27. Qxc5 Rd3 28. Re3 Red8 29. Rxd3 Rxd3 30. Re1 a4 31. b4 Kh7 32. Re3 Rd7 33. Qb6 Qf8 34. Qxe6 Bc8 35. Qb6 Qf4 36. Re4 Qf5 37. Rd4 Re7 38. Rd6 Qc2 39. Qc5 Bf5 40. Qd4 Qc1+ 41. Kh2 Qc2 42. a3 g5 43. c5 Rc7 44. Nc4 Rf7 45. Ne3 Qe2 46. Nxf5 Rxf5 47. Qd3 Bxe5+ 48. Nxe5 Qxe5+ 49. g3 1-0

[Event "AUT-chT2W 9900"]
[Site "Austria"]
[Date "2000.03.05"]
[Round "11"]
[White "Bachmayr, Peter"]
[Black "Dobosz, Henryk"]
[Result "1/2-1/2"]
[WhiteElo "2393"]
[BlackElo "2373"]
[PlyCount "61"]
[EventDate "1999.10.15"]
[EventType "team-tourn"]
[EventRounds "11"]
[EventCountry "AUT"]
[SourceTitle "EXT 2000"]
[Source "ChessBase"]
[SourceDate "1999.11.16"]
[SourceVersion "1"]
[SourceVersionDate "1999.11.16"]
[SourceQuality "1"]

1. d4 Nf6 2. c4 e6 3. Nf3 Bb4+ 4. Nbd2 d5 5. e3 0-0 6. Bd3 dxc4 7. Bxc4 b6 8. 0-0 Bb7 9. Qe2 Nbd7 10. a3 Bd6 11. Rd1 Qe7 12. Ba6 Bxa6 13. Qxa6 e5 14. h3 e4 15. Nh2 Nd5 16. Nc4 f5 17. Bd2 Qe6 18. Nxd6 cxd6 19. Rac1 N7f6 20. Rc2 g5 21. Qe2 Rfe8 22. Rc6 f4 23. Ng4 f3 24. gxf3 exf3 25. Qxf3 Ne4 26. Qg2 h5 27. Ne5 Nxf2 28. Qxg5+ Kh7 29. Qxh5+ Kg7 30. Qg5+ Kh7 31. Qh5+ 1/2-1/2

[Event "Oberliga Bayern 9900"]
[Site "Bayern"]
[Date "1999.11.07"]
[Round "2.2"]
[White "Bachmayr, Peter"]
[Black "Heimrath, Reiner"]
[Result "1-0"]
[WhiteElo "2360"]
[BlackElo "2230"]
[PlyCount "119"]
[EventDate "1999.10.10"]
[EventType "team-tourn"]
[EventRounds "9"]
[EventCountry "GER"]
[SourceTitle "EXT 2020"]
[Source "ChessBase"]
[SourceDate "2019.10.17"]
[SourceVersion "1"]
[SourceVersionDate "2019.10.17"]
[SourceQuality "1"]
[WhiteTeam "Muenchen FC Bayern"]
[BlackTeam "Fuerth SF"]
[WhiteTeamCountry "GER"]
[BlackTeamCountry "GER"]

1. d4 d5 2. Nf3 Nf6 3. c4 c6 4. Nc3 e6 5. Bg5 Be7 6. e3 0-0 7. Rc1 Ne4 8. Bxe7 Qxe7 9. Qc2 f5 10. Be2 Bd7 11. 0-0 Be8 12. Ne5 Nd7 13. Nxd7 Qxd7 14. Nd1 Bg6 15. f3 Nd6 16. f4 Ne4 17. Nf2 Nxf2 18. Rxf2 Rfc8 19. Rff1 Rc7 20. Rfd1 Rac8 21. Qa4 Be8 22. c5 Ra8 23. Rc3 Qd8 24. b4 g5 25. Ra3 Rg7 26. b5 Kh8 27. Rf1 Qf6 28. bxc6 Bxc6 29. Qb4 Qh6 30. Bb5 Rag8 31. Rf2 Qh4 32. g3 gxf4 33. exf4 Qg4 34. Be2 Qh4 35. Qd2 a6 36. Qe3 Qf6 37. Rb3 Rc8 38. Bf1 Rgc7 39. Re2 Bd7 40. Rb6 Kg7 41. Kf2 Kf7 42. Rd6 Re8 43. Bg2 Bc6 44. Bxd5 Bxd5 45. Rxd5 Ree7 46. Rd6 Rcd7 47. d5 Kf8 48. dxe6 Rc7 49. Rd5 Rc6 50. Re5 Ke8 51. Qb3 h5 52. h4 Qg6 53. Qd5 Rg7 54. R2e3 Re7 55. Rxf5 Rcxe6 56. Rxe6 Rxe6 57. Qxe6+ Qxe6 58. Re5 Kd7 59. Rxe6 Kxe6 60. Kf3 1-0

[Event "Oberliga Bayern 9899"]
[Site "Bayern"]
[Date "1999.03.14"]
[Round "6.2"]
[White "Bachmayr, Peter"]
[Black "Wall, Gavin"]
[Result "1-0"]
[WhiteElo "2330"]
[BlackElo "2290"]
[PlyCount "67"]
[EventDate "1998.10.11"]
[EventType "team-tourn"]
[EventRounds "9"]
[EventCountry "GER"]
[SourceTitle "EXT 2020"]
[Source "ChessBase"]
[SourceDate "2019.10.17"]
[SourceVersion "1"]
[SourceVersionDate "2019.10.17"]
[SourceQuality "1"]
[WhiteTeam "Muenchen FC Bayern"]
[BlackTeam "Bindlach"]
[WhiteTeamCountry "GER"]
[BlackTeamCountry "GER"]

1. d4 f5 2. Nf3 Nf6 3. g3 g6 4. Bg2 Bg7 5. 0-0 0-0 6. c4 d6 7. Nc3 Qe8 8. d5 Na6 9. Nd4 Bd7 10. e4 fxe4 11. Nxe4 Nxe4 12. Bxe4 Nc5 13. Bg2 a5 14. Be3 c6 15. Qd2 a4 16. Rfe1 cxd5 17. Bxd5+ e6 18. Bg2 Ra6 19. Rad1 Rf7 20. Qb4 Bf8 21. Qd2 Bg7 22. Bh6 Bxh6 23. Qxh6 Qd8 24. Rd2 Qa5 25. h4 Rb6 26. Qe3 Qb4 27. Rc1 Rf6 28. Rc3 e5 29. Bd5+ Kg7 30. Nf3 Ne6 31. Ng5 Nxg5 32. hxg5 Rf8 33. c5 dxc5 34. Qxe5+ 1-0

[Event "Oberliga Bayern 9899"]
[Site "Bayern"]
[Date "1999.02.07"]
[Round "5.2"]
[White "Bachmayr, Peter"]
[Black "Grundherr, Martin"]
[Result "1/2-1/2"]
[WhiteElo "2330"]
[BlackElo "2305"]
[PlyCount "96"]
[EventDate "1998.10.11"]
[EventType "team-tourn"]
[EventRounds "9"]
[EventCountry "GER"]
[SourceTitle "EXT 2020"]
[Source "ChessBase"]
[SourceDate "2019.10.17"]
[SourceVersion "1"]
[SourceVersionDate "2019.10.17"]
[SourceQuality "1"]
[WhiteTeam "Muenchen FC Bayern"]
[BlackTeam "Pang/Rosenheim"]
[WhiteTeamCountry "GER"]
[BlackTeamCountry "GER"]

1. e4 c6 2. d4 d5 3. exd5 cxd5 4. c4 Nf6 5. Nc3 e6 6. Nf3 Bb4 7. Bd3 dxc4 8. Bxc4 0-0 9. 0-0 b6 10. Bg5 Bb7 11. Rc1 Nbd7 12. Qe2 h6 13. Bh4 Rc8 14. Ne5 Nxe5 15. dxe5 Qd4 16. exf6 Qxc4 17. fxg7 Kxg7 18. Qxc4 Rxc4 19. Bg3 Rd8 20. Rfd1 Rxd1+ 21. Rxd1 Bxc3 22. bxc3 Bd5 23. a3 f6 24. Bb8 a5 25. Rd3 Kf7 26. h3 Ke7 27. Ba7 Rc6 28. Bb8 Rc5 29. Rg3 Kf7 30. Bf4 h5 31. Be3 Rb5 32. Bh6 e5 33. Rg7+ Ke6 34. Be3 Rb3 35. a4 Bc6 36. Ra7 Bxa4 37. Ra6 Bb5 38. Rxb6+ Kd5 39. Rxf6 a4 40. Rf7 a3 41. Ra7 Bc4 42. Ra5+ Ke4 43. Kh2 Rxc3 44. Bh6 Rd3 45. f3+ Kf5 46. Bc1 a2 47. Bb2 Bd5 48. h4 Rd2 1/2-1/2

[Event "Oberliga Bayern 9899"]
[Site "Bayern"]
[Date "1999.01.17"]
[Round "4.2"]
[White "Wagner, Anselm"]
[Black "Bachmayr, Peter"]
[Result "1/2-1/2"]
[WhiteElo "2400"]
[BlackElo "2330"]
[PlyCount "42"]
[EventDate "1998.10.11"]
[EventType "team-tourn"]
[EventRounds "9"]
[EventCountry "GER"]
[SourceTitle "EXT 2020"]
[Source "ChessBase"]
[SourceDate "2019.10.17"]
[SourceVersion "1"]
[SourceVersionDate "2019.10.17"]
[SourceQuality "1"]
[WhiteTeam "Pasing"]
[BlackTeam "Muenchen FC Bayern"]
[WhiteTeamCountry "GER"]
[BlackTeamCountry "GER"]

1. e4 e5 2. Nf3 Nc6 3. Bb5 a6 4. Ba4 Nf6 5. 0-0 Be7 6. Re1 b5 7. Bb3 d6 8. c3 0-0 9. h3 Na5 10. Bc2 c5 11. d3 Nc6 12. Nbd2 Re8 13. Nf1 g6 14. d4 Bb7 15. d5 Nb8 16. g4 h5 17. N3h2 hxg4 18. hxg4 Nh7 19. Kg2 Nd7 20. Ng3 Bg5 21. Bxg5 Qxg5 1/2-1/2

[Event "AUT-chT2W 9798"]
[Site "Austria"]
[Date "1998.??.??"]
[Round "11"]
[White "Bachmayr, Peter"]
[Black "Doskocil, Klaus"]
[Result "1-0"]
[WhiteElo "2360"]
[BlackElo "2215"]
[PlyCount "67"]
[EventDate "1997.??.??"]
[EventType "team-tourn"]
[EventRounds "11"]
[EventCountry "AUT"]
[SourceTitle "EXT 1999"]
[Source "ChessBase"]
[SourceDate "1998.11.16"]
[SourceVersion "1"]
[SourceVersionDate "1998.11.16"]
[SourceQuality "1"]

1. d4 Nf6 2. Nf3 d6 3. c4 g6 4. g3 Bg7 5. Bg2 0-0 6. 0-0 Nbd7 7. Nc3 Re8 8. h3 e5 9. e4 c6 10. Re1 exd4 11. Nxd4 a5 12. Be3 Nc5 13. Qc2 a4 14. Rab1 Nfd7 15. b4 axb3 16. axb3 Ne5 17. Red1 Na6 18. f4 Nb4 19. Qd2 Ned3 20. Nc2 Nxc2 21. Qxc2 Nb4 22. Qd2 Qa5 23. Na4 Ra6 24. Qxd6 Nc2 25. Bf2 b5 26. Nc5 Na3 27. b4 Qb6 28. Nxa6 Qxa6 29. cxb5 Qxb5 30. Rbc1 Bb7 31. Bc5 Nc4 32. Qd7 Ra8 33. Bf1 Bb2 34. Bxc4 1-0

[Event "Oberliga Bayern 9798"]
[Site "Bayern"]
[Date "1998.??.??"]
[Round "?.1"]
[White "Gruenberg, Hans Ulrich"]
[Black "Bachmayr, Peter"]
[Result "1-0"]
[WhiteElo "2435"]
[BlackElo "2325"]
[PlyCount "105"]
[EventDate "1997.10.??"]
[EventType "team-tourn"]
[EventRounds "9"]
[EventCountry "GER"]
[SourceTitle "EXT 2020"]
[Source "ChessBase"]
[SourceDate "2019.10.17"]
[SourceVersion "1"]
[SourceVersionDate "2019.10.17"]
[SourceQuality "1"]
[WhiteTeam "Pasing"]
[BlackTeam "Muenchen FC Bayern"]
[WhiteTeamCountry "GER"]
[BlackTeamCountry "GER"]

1. d4 d5 2. c4 e6 3. Nc3 c6 4. e3 Nd7 5. Nf3 f5 6. Qc2 Ndf6 7. Bd3 Ne4 8. Ne5 Bd6 9. 0-0 Ne7 10. f3 Nf6 11. e4 dxe4 12. fxe4 0-0 13. Nf3 fxe4 14. Nxe4 Nf5 15. Bg5 Be7 16. Rae1 h6 17. Nxf6+ Bxf6 18. Bxf6 Rxf6 19. Qc3 Bd7 20. Bc2 Be8 21. g4 Nh4 22. Nxh4 Rxf1+ 23. Rxf1 Qxh4 24. Qf3 Qe7 25. Qe4 g6 26. Qe5 Qg7 27. Qxe6+ Bf7 28. Qd6 Qf8 29. Qf6 Qg7 30. Qd6 Qf8 31. Qf6 Qg7 32. b3 Re8 33. Qxg7+ Kxg7 34. Kf2 Be6 35. Re1 Kf6 36. h3 g5 37. Bf5 Bf7 38. Rxe8 Bxe8 39. Ke3 b6 40. Ke4 Bf7 41. d5 c5 42. d6 Bg8 43. Kf3 Bf7 44. Ke3 a6 45. Ke4 Bg8 46. Bc8 Bf7 47. Bd7 Bg8 48. Bf5 Bf7 49. d7 Ke7 50. Ke5 b5 51. cxb5 axb5 52. a4 Bxb3 53. a5 1-0

[Event "AUT-chT2W 9798"]
[Site "Austria"]
[Date "1998.??.??"]
[Round "9"]
[White "Kostic, Vladimir G"]
[Black "Bachmayr, Peter"]
[Result "1-0"]
[WhiteElo "2425"]
[BlackElo "2360"]
[PlyCount "49"]
[EventDate "1997.??.??"]
[EventType "team-tourn"]
[EventRounds "11"]
[EventCountry "AUT"]
[SourceTitle "EXT 1999"]
[Source "ChessBase"]
[SourceDate "1998.11.16"]
[SourceVersion "1"]
[SourceVersionDate "1998.11.16"]
[SourceQuality "1"]

1. e4 e5 2. Bc4 Nf6 3. d3 c6 4. Nf3 d5 5. Bb3 Bd6 6. Nc3 dxe4 7. Ng5 0-0 8. Ngxe4 Nxe4 9. Nxe4 Bb4+ 10. c3 Be7 11. 0-0 Kh8 12. Qh5 f5 13. Ng5 Bxg5 14. Bxg5 Qd6 15. d4 e4 16. f3 e3 17. Qh4 Qg6 18. Rae1 Be6 19. Rxe3 Bxb3 20. axb3 Nd7 21. Rfe1 Rae8 22. Be7 Rg8 23. Qg3 Qxg3 24. hxg3 g6 25. Bg5 1-0

[Event "Oberliga Bayern 9697"]
[Site "Bayern"]
[Date "1997.??.??"]
[Round "?"]
[White "Bachmayr, Peter"]
[Black "Gruenberg, Hans Ulrich"]
[Result "1/2-1/2"]
[WhiteElo "2340"]
[BlackElo "2440"]
[PlyCount "31"]
[EventDate "1996.10.13"]
[EventType "team-tourn"]
[EventRounds "9"]
[EventCountry "GER"]
[SourceTitle "EXT 2020"]
[Source "ChessBase"]
[SourceDate "2019.10.17"]
[SourceVersion "1"]
[SourceVersionDate "2019.10.17"]
[SourceQuality "1"]
[WhiteTeam "Muenchen FC Bayern"]
[BlackTeam "Pasing"]
[WhiteTeamCountry "GER"]
[BlackTeamCountry "GER"]

1. d4 Nf6 2. Nf3 e6 3. c4 b6 4. e3 Bb7 5. Bd3 c5 6. 0-0 Be7 7. Nc3 cxd4 8. exd4 d6 9. Re1 Nbd7 10. Bf4 0-0 11. Rc1 a6 12. Qe2 Re8 13. Ng5 Bf8 14. Nge4 Nxe4 15. Bxe4 Bxe4 16. Qxe4 1/2-1/2

[Event "AUT-chT2W 9798"]
[Site "Austria"]
[Date "1997.??.??"]
[Round "6"]
[White "Bachmayr, Peter"]
[Black "Hertneck, Gerald"]
[Result "0-1"]
[WhiteElo "2360"]
[BlackElo "2525"]
[PlyCount "62"]
[EventDate "1997.??.??"]
[EventType "team-tourn"]
[EventRounds "11"]
[EventCountry "AUT"]
[SourceTitle "EXT 1999"]
[Source "ChessBase"]
[SourceDate "1998.11.16"]
[SourceVersion "1"]
[SourceVersionDate "1998.11.16"]
[SourceQuality "1"]

1. d4 Nf6 2. Nf3 e6 3. c4 Bb4+ 4. Nbd2 d5 5. e3 0-0 6. Bd3 dxc4 7. Bxc4 b6 8. 0-0 Bb7 9. Qe2 Nbd7 10. Rd1 Qe7 11. Ba6 Bxa6 12. Qxa6 e5 13. dxe5 Nxe5 14. Nxe5 Qxe5 15. Nf3 Qh5 16. Bd2 Bd6 17. Bc3 Ne4 18. Qc4 Nxc3 19. Qxc3 Rae8 20. Qc4 Kh8 21. Rd4 f5 22. Rad1 a5 23. Rh4 Qg6 24. Rhd4 Re4 25. g3 Qg4 26. Kg2 c5 27. h3 Qg6 28. Rxe4 fxe4 29. Nd2 Rxf2+ 30. Kxf2 Qxg3+ 31. Kf1 Qxh3+ 0-1

[Event "Oberliga Bayern 9697"]
[Site "Bayern"]
[Date "1997.??.??"]
[Round "?"]
[White "Bachmayr, Peter"]
[Black "Pezerovic, Edin"]
[Result "0-1"]
[WhiteElo "2340"]
[BlackElo "2445"]
[PlyCount "62"]
[EventDate "1996.10.13"]
[EventType "team-tourn"]
[EventRounds "9"]
[EventCountry "GER"]
[SourceTitle "EXT 1999"]
[Source "ChessBase"]
[SourceDate "1998.11.16"]
[SourceVersion "1"]
[SourceVersionDate "1998.11.16"]
[SourceQuality "1"]
[WhiteTeam "Muenchen FC Bayern"]
[BlackTeam "Tegernsee TV"]
[WhiteTeamCountry "GER"]
[BlackTeamCountry "GER"]

1. e4 c6 2. d4 d5 3. exd5 cxd5 4. c4 Nf6 5. Nc3 e6 6. Nf3 Be7 7. Bd3 dxc4 8. Bxc4 0-0 9. 0-0 a6 10. a3 b5 11. Ba2 Bb7 12. Re1 Nbd7 13. Bg5 Nb6 14. Rc1 h6 15. Bf4 Rc8 16. Ne5 Nbd5 17. Nxd5 Bxd5 18. Bb1 Qb6 19. Qd3 Rxc1 20. Bxc1 Rd8 21. Bd2 Bb7 22. Ng4 a5 23. Be3 Bd5 24. Nxh6+ Kf8 25. h3 gxh6 26. Bxh6+ Ke8 27. Qd2 Kd7 28. Re5 Rg8 29. g4 Bd6 30. Rg5 Bb7 31. Rxg8 Nxg8 0-1